Tormenta de verano
Gespeichert in:
| 1. Verfasser: | |
|---|---|
| Format: | Buch |
| Sprache: | Undetermined |
| Veröffentlicht: |
Barcelona, España
Argos Vergara
1979
|
| Schlagworte: | |
| Tags: |
Tag hinzufügen
Keine Tags, Fügen Sie den ersten Tag hinzu!
|
MARC
| LEADER | 00000nam a2200000Ia 4500 | ||
|---|---|---|---|
| 008 | 170316s9999 xx 000 0 und d | ||
| 040 | |a cru BVZT | ||
| 090 | |a 862 G-12t | ||
| 100 | |a García Hortelano, J. | ||
| 245 | |a Tormenta de verano | ||
| 260 | |a Barcelona, España | ||
| 260 | |b Argos Vergara | ||
| 260 | |c 1979 | ||
| 300 | |a 350 páginas | ||
| 650 | |a LITERATURA ESPAÑOLA | ||
| 999 | |c 9867 |d 9867 | ||
| 942 | |c 15 D |h 862 G-12t |2 z | ||
